HIGH COURT CRIMINAL SESSION NO.104 OF 1975 Uganda Vs Lulent Jaggwe (Record no. 7963)
[ view plain ]
| 000 -LEADER | |
|---|---|
| fixed length control field | 00308nam a22000977a 4500 |
| 008 - FIXED-LENGTH DATA ELEMENTS--GENERAL INFORMATION | |
| fixed length control field | 150721b xxu||||| |||| 00| 0 eng d |
| 010 ## - LIBRARY OF CONGRESS CONTROL NUMBER | |
| Field link and sequence number | HCCRSARF:031 |
| 245 ## - TITLE STATEMENT | |
| Title | HIGH COURT CRIMINAL SESSION NO.104 OF 1975 Uganda Vs Lulent Jaggwe |
| 260 ## - PUBLICATION, DISTRIBUTION, ETC. (IMPRINT) | |
| Place of publication, distribution, etc | High Court Kampala |
| 500 ## - GENERAL NOTE | |
| Materials specified | BEFORE: Hon. Mr. Justice D.L.K. Lubogo |
| Withdrawn status | Lost status | Source of classification or shelving scheme | Damaged status | Koha normalized classification for sorting | Not for loan | Location (home branch) | Sublocation or collection (holding branch) | Shelving location | Date acquired | Koha issues (times borrowed) | Koha full call number | Piece designation (barcode) | Koha date last seen | Price effective from | Koha item type | Public note |
|---|---|---|---|---|---|---|---|---|---|---|---|---|---|---|---|---|
| Dewey Decimal Classification | HCCRSARF_031 | Archives | Archives | Archives | 07/21/2015 | HCCRSARF:031 | 3140/2015 | 07/21/2015 | 07/21/2015 | Un Reported Cases | Judgement entered on 1st/September/1975 | |||||
| Dewey Decimal Classification | HCCRSARF_031 | Archives | Archives | Archives | 07/21/2015 | HCCRSARF:031 | 3141/2015 | 07/21/2015 | 07/21/2015 | Un Reported Cases | Judgement entered on 1st/September/1975 |
